<?xml version="1.0" encoding="UTF-8"?>
<record
    xmlns:xsi="http://www.w3.org/2001/XMLSchema-instance"
    xsi:schemaLocation="http://www.loc.gov/MARC21/slim http://www.loc.gov/standards/marcxml/schema/MARC21slim.xsd"
    xmlns="http://www.loc.gov/MARC21/slim">

  <leader>03191cam a22003974a 4500</leader>
  <controlfield tag="001">14308823</controlfield>
  <controlfield tag="003">NUST-PNEC</controlfield>
  <controlfield tag="005">20170116180710.0</controlfield>
  <controlfield tag="008">060321s2007    flua     b    001 0 eng  </controlfield>
  <datafield tag="010" ind1=" " ind2=" ">
    <subfield code="a">  2006009680</subfield>
  </datafield>
  <datafield tag="015" ind1=" " ind2=" ">
    <subfield code="a">GBA601734</subfield>
    <subfield code="2">bnb</subfield>
  </datafield>
  <datafield tag="016" ind1="7" ind2=" ">
    <subfield code="a">013348819</subfield>
    <subfield code="2">Uk</subfield>
  </datafield>
  <datafield tag="020" ind1=" " ind2=" ">
    <subfield code="a">9780849333262 (alk. paper)</subfield>
  </datafield>
  <datafield tag="020" ind1=" " ind2=" ">
    <subfield code="a">0849333261 </subfield>
  </datafield>
  <datafield tag="035" ind1=" " ind2=" ">
    <subfield code="a">(OCoLC)ocm62478442</subfield>
  </datafield>
  <datafield tag="035" ind1=" " ind2=" ">
    <subfield code="a">(OCoLC)62478442</subfield>
  </datafield>
  <datafield tag="040" ind1=" " ind2=" ">
    <subfield code="a">DLC</subfield>
    <subfield code="c">PNEC</subfield>
  </datafield>
  <datafield tag="042" ind1=" " ind2=" ">
    <subfield code="a">pcc</subfield>
  </datafield>
  <datafield tag="050" ind1="0" ind2="0">
    <subfield code="a">T174.7</subfield>
    <subfield code="b">.N35244 2007</subfield>
  </datafield>
  <datafield tag="082" ind1="0" ind2="0">
    <subfield code="a">620.5 BUS</subfield>
    <subfield code="2">22</subfield>
  </datafield>
  <datafield tag="100" ind1=" " ind2=" ">
    <subfield code="9">506</subfield>
    <subfield code="a">Busnaina, Ahmed</subfield>
  </datafield>
  <datafield tag="245" ind1="0" ind2="0">
    <subfield code="a">Nanomanufacturing handbook /</subfield>
    <subfield code="c">Ahmed Busnaina, [editor].</subfield>
  </datafield>
  <datafield tag="260" ind1=" " ind2=" ">
    <subfield code="a">Boca Raton, FL :</subfield>
    <subfield code="b">CRC Press/Taylor &amp; Francis,</subfield>
    <subfield code="c">c2007.</subfield>
  </datafield>
  <datafield tag="300" ind1=" " ind2=" ">
    <subfield code="a">408 p. :</subfield>
    <subfield code="b">ill. ;</subfield>
    <subfield code="c">25 cm.</subfield>
  </datafield>
  <datafield tag="500" ind1=" " ind2=" ">
    <subfield code="a">Includes Index http://www.amazon.com/Nanomanufacturing-Handbook-Ahmed-Busnaina/dp/0849333261/ref=sr_1_1?s=books&amp;ie=UTF8&amp;qid=1412244080&amp;sr=1-1&amp;keywords=0849333261</subfield>
  </datafield>
  <datafield tag="504" ind1=" " ind2=" ">
    <subfield code="a">Includes bibliographical references and index.</subfield>
  </datafield>
  <datafield tag="505" ind1="0" ind2=" ">
    <subfield code="a">Introduction to nanomanufacturing / Ahmed Busnaina and Manish Mehta -- Surface-programmed assembly for nanomanufacturing / Seunghun Hong ...[et al.] -- Fabrication and applications of single-walled carbon nanotube (SWNT) fabrics / Darren K. Brock ... [et al.] -- Controlled synthesis of carbon nanotubes using chemical vapor deposition methods / Yung Joon Jung -- Reconfigurable CMOS electronic microarray system for the assisted self-assembly of higher-order nanostructures / Dietrich Dehlinger ...[et al.] -- Manufacturing electrical contacts to nanostructures / Loucas Tsakalakos -- Nanofabrication techniques with high-resolution molded rubber stamps / Etienne Menard and John Rogers -- Room-temperature nanoimprint and nanocontact technologies / Ken-ichiro Nakamatsu and Shinji Matsui -- Antistiction layers for nano imprinting lithography / Nam-Goo Cha, Jin-Goo Park -- Nanocontacts and switch reliability / George G. Adams and Nicol E. McGruer -- Nanoscale defects and surface preparation in nanomanufacturing / Ahmed Busnaina and Kaveh Bakhtari -- Improved carbon materials for nanomanufacturing applications / Patrick Lemoine ... [et al.] -- Nanomanufacturing processes using polymeric materials / Carol Barry, Julie Chen, and Joey Mead -- Patterned electrospray fiber structures / Phil Gibson and Heidi Schreuder-Gibson -- Patenting nanotechnology / Rouget F. (Ric) Henschel and Stephen B. Maebius -- Leaving the laboratory: regulatory and societal issues confronting nanotechnology commercialization / Christopher J. Bosso ... [et al.] -- R&amp;D activities for nanoscale manufacturing processes and enabling equipment in Korea / Chang-Soo Han ... [et al.].</subfield>
  </datafield>
  <datafield tag="650" ind1=" " ind2="0">
    <subfield code="a">Nanomanufacturing.</subfield>
    <subfield code="x">IME, ME</subfield>
  </datafield>
  <datafield tag="650" ind1=" " ind2="0">
    <subfield code="a">Nanostructured materials.</subfield>
  </datafield>
  <datafield tag="700" ind1="1" ind2=" ">
    <subfield code="a">Busnaina, A. A.</subfield>
  </datafield>
  <datafield tag="856" ind1="4" ind2="1">
    <subfield code="3">Table of contents only</subfield>
    <subfield code="u">http://www.loc.gov/catdir/toc/ecip0611/2006009680.html</subfield>
  </datafield>
  <datafield tag="856" ind1="4" ind2="2">
    <subfield code="3">Publisher description</subfield>
    <subfield code="u">http://www.loc.gov/catdir/enhancements/fy0625/2006009680-d.html</subfield>
  </datafield>
  <datafield tag="906" ind1=" " ind2=" ">
    <subfield code="a">7</subfield>
    <subfield code="b">cbc</subfield>
    <subfield code="c">orignew</subfield>
    <subfield code="d">1</subfield>
    <subfield code="e">ecip</subfield>
    <subfield code="f">20</subfield>
    <subfield code="g">y-gencatlg</subfield>
  </datafield>
  <datafield tag="942" ind1=" " ind2=" ">
    <subfield code="2">ddc</subfield>
    <subfield code="c">BK</subfield>
  </datafield>
  <datafield tag="999" ind1=" " ind2=" ">
    <subfield code="c">60909</subfield>
    <subfield code="d">60909</subfield>
  </datafield>
  <datafield tag="952" ind1=" " ind2=" ">
    <subfield code="0">0</subfield>
    <subfield code="1">0</subfield>
    <subfield code="2">ddc</subfield>
    <subfield code="4">0</subfield>
    <subfield code="7">0</subfield>
    <subfield code="a">PNEC</subfield>
    <subfield code="b">PNEC</subfield>
    <subfield code="c">REF</subfield>
    <subfield code="d">2008-03-10</subfield>
    <subfield code="e">Pak Book Co.</subfield>
    <subfield code="g">12026.00</subfield>
    <subfield code="l">0</subfield>
    <subfield code="o">620.5 BUS</subfield>
    <subfield code="p">PNECLIB-028550</subfield>
    <subfield code="r">2014-10-02</subfield>
    <subfield code="v">12026.00</subfield>
    <subfield code="w">2008-03-10</subfield>
    <subfield code="y">BK</subfield>
  </datafield>
</record>
